Phát hiện, quản lý, chăm sóc người nghiện chất gây nghiện
Kaydedildi:
| Yazar: | |
|---|---|
| Materyal Türü: | Kitap |
| Dil: | Vietnamese |
| Baskı/Yayın Bilgisi: |
Hà Nội
Lao Động
2006
|
| Konular: | |
| Etiketler: |
Etiketle
Etiket eklenmemiş, İlk siz ekleyin!
|
| Thư viện lưu trữ: | Trung tâm Học liệu Lê Vũ Hùng, Trường Đại học Đồng Tháp |
|---|
| LEADER | 00902aam a22002898a 4500 | ||
|---|---|---|---|
| 001 | 00028737 | ||
| 005 | 20171026081023.0 | ||
| 008 | 120403s2006 ||||||viesd | ||
| 020 | |c 14000 | ||
| 041 | 0 | # | |a vie |
| 082 | 1 | 4 | |a 362.29 |b PH110H |
| 100 | 1 | # | |a Lương, Hữu Thông |
| 245 | 1 | 0 | |a Phát hiện, quản lý, chăm sóc người nghiện chất gây nghiện |c Lương Hữu Thông |
| 260 | # | # | |a Hà Nội |b Lao Động |c 2006 |
| 300 | # | # | |a 117tr. |c 19cm. |
| 650 | # | 4 | |a Tệ nạn xã hội |
| 653 | # | # | |a Cai nghiện |
| 653 | # | # | |a Thuốc lá |
| 653 | # | # | |a Rượu |
| 653 | # | # | |a Chăm sóc |
| 653 | # | # | |a Ma túy |
| 653 | # | # | |a Phát hiện |
| 653 | # | # | |a Quản lý |
| 852 | # | # | |j KD.0013071 |
| 852 | # | # | |b Kho đọc |j KD.0013071 |
| 910 | |d 03/04/2012 | ||
| 980 | # | # | |a Trung tâm Học liệu Lê Vũ Hùng, Trường Đại học Đồng Tháp |